|
|
|
|
| LEADER |
00000nab a2200000 a 4500 |
| 001 |
vtls000169371 |
| 003 |
SK-MaSNL |
| 005 |
20260304171403.0 |
| 008 |
111104c1983 xo 0 slo |
| 015 |
|
|
|a SNBRB19rr/mm-uuuuu
|
| 035 |
|
|
|a CL0179482
|
| 040 |
|
|
|a SNKBUCL
|b slo
|c SNKBUCL
|e AACR2
|
| 041 |
0 |
|
|a slo
|
| 044 |
|
|
|a xo
|c SK
|
| 080 |
|
|
|a 374:173
|2 1981
|
| 080 |
|
|
|a 173
|2 1981
|
| 100 |
1 |
|
|a Nováková, S.
|4 aut
|9 1145089
|
| 245 |
1 |
0 |
|a Vývojové fázy rodiny
|c S. Nováková, T. Novák
|
| 300 |
|
|
|b Obr. 1.
|
| 650 |
0 |
7 |
|a rodina
|2 snkbucl
|9 4138
|
| 650 |
0 |
7 |
|a osveta
|2 snkbucl
|9 16992
|
| 655 |
|
7 |
|a články z novín a časopisov
|2 snkbucl
|9 267496
|
| 700 |
1 |
|
|a Novák, T.
|4 aut
|9 779222
|
| 773 |
0 |
|
|t Osvetová práca
|g Roč. 33, č. 25 (1983), s. 36-37
|
| 850 |
|
|
|a Slovenská národná knižnica v Martine
|a MTA001
|
| 852 |
|
|
|a SNK
|b KIS3GCP
|
| 958 |
|
|
|a RK
|
| 992 |
|
|
|a RBX
|
| 999 |
|
|
|c 2993170
|d 2995100
|